000 00691nam a2200205Ia 4500
001 21028
003 GE_BSU
008 181216s||||||||xx |||||||||||||| ||und||
040 _cGE_BSU
245 _aСоциальная педагогика. №3. 2016
245 _cГл.ред.Олиференко Л.
260 _aМосква
260 _bНародное образование
260 _c2016
300 _a108 стр. 29см.
653 _aпрактический журнал для социальных работников и педагогов
653 _aСоциальная педагогика. №3. 2016
653 _aპერიოდიკა
942 _cCR
999 _c53977
_d53977